Privatising electricity : (Record no. 3587)

000 -LEADER
fixed length control field 01534cam a2200361 a 4500
001 - CONTROL NUMBER
control field 2959511
003 - CONTROL NUMBER IDENTIFIER
control field OSt
005 - DATE AND TIME OF LATEST TRANSACTION
control field 20211215142142.0
008 - FIXED-LENGTH DATA ELEMENTS--GENERAL INFORMATION
fixed length control field 910320s1991 enka b 001 0 eng
010 ## - LIBRARY OF CONGRESS CONTROL NUMBER
LC control number 91013557
020 ## - INTERNATIONAL STANDARD BOOK NUMBER
International Standard Book Number 1852931809 (hb)
020 ## - INTERNATIONAL STANDARD BOOK NUMBER
International Standard Book Number 1852931817 (pb)
038 ## - RECORD CONTENT LICENSOR
Staff Name waseem
040 ## - CATALOGING SOURCE
Original cataloging agency DLC
Transcribing agency DLC
Modifying agency DLC
043 ## - GEOGRAPHIC AREA CODE
Geographic area code e-uk---
050 00 - LIBRARY OF CONGRESS CALL NUMBER
Classification number HD9698.G74
Item number E547 1991
082 00 - DEWEY DECIMAL CLASSIFICATION NUMBER
Classification number 333.7932
Author Mark ROB
100 1# - MAIN ENTRY--PERSONAL NAME
Personal name Roberts, Jane,
Dates associated with a name 1954-
9 (RLIN) 86658
245 10 - TITLE STATEMENT
Title Privatising electricity :
Remainder of title the politics of power /
Statement of responsibility, etc. Jane Roberts, David Elliott, and Trevor Houghton.
260 ## - PUBLICATION, DISTRIBUTION, ETC.
Place of publication, distribution, etc. London ;
-- New York :
Name of publisher, distributor, etc. Belhaven Press,
Date of publication, distribution, etc. 1991.
300 ## - PHYSICAL DESCRIPTION
Extent xiii, 202 p. :
Other physical details ill. ;
Dimensions 24 cm.
504 ## - BIBLIOGRAPHY, ETC. NOTE
Bibliography, etc. note Includes bibliographical references (p. 193-199) and index.
563 ## - BINDING INFORMATION
Binding note HBK.
610 20 - SUBJECT ADDED ENTRY--CORPORATE NAME
Corporate name or jurisdiction name as entry element Electricity Supply Industry (Firm)
9 (RLIN) 86659
650 #0 - SUBJECT ADDED ENTRY--TOPICAL TERM
Topical term or geographic name entry element Electric utilities
General subdivision Privatization
Geographic subdivision Great Britain.
9 (RLIN) 86660
650 #0 - SUBJECT ADDED ENTRY--TOPICAL TERM
Topical term or geographic name entry element Nuclear industry
General subdivision Privatization
Geographic subdivision Great Britain.
9 (RLIN) 86661
650 #0 - SUBJECT ADDED ENTRY--TOPICAL TERM
Topical term or geographic name entry element Energy policy
Geographic subdivision Great Britain.
9 (RLIN) 86662
700 1# - ADDED ENTRY--PERSONAL NAME
Personal name Elliott, David,
Dates associated with a name 1943-
9 (RLIN) 86663
700 1# - ADDED ENTRY--PERSONAL NAME
Personal name Houghton, Trevor.
9 (RLIN) 86664
906 ## - LOCAL DATA ELEMENT F, LDF (RLIN)
a 7
b cbc
c orignew
d 1
e ocip
f 19
g y-gencatlg
942 ## - ADDED ENTRY ELEMENTS (KOHA)
Source of classification or shelving scheme
Koha item type Book
Holdings
Withdrawn status Lost status Source of classification or shelving scheme Damaged status Not for loan Permanent Location Current Location Shelving location Date acquired Full call number Barcode Date last seen Price effective from Koha item type
          Central Library (CL) Central Library (CL) General Stacks 08/05/2016 333.7932 ROB S3H-N-970 08/05/2016 08/05/2016 Book
© 2023 Central Library, National University of Sciences and Technology. All Rights Reserved.